| 000 | 00590nam a2200217 a 4500 | ||
|---|---|---|---|
| 005 | 20210219153507.0 | ||
| 008 | 991125n 000 0 eng u | ||
| 035 | _aUPN01000102702 | ||
| 100 | _aAnisimov, V. V. | ||
| 222 | _aSOVIET EDUCATION | ||
| 245 | _aThe training of teacher Cadres under Perestroika | ||
| 300 | _a6-14 | ||
| 362 | _a1991 33, no. 3 | ||
| 653 | 0 | _aASIGNACION DE RECURSOS | |
| 653 | 0 | _aFORMACION DE MAESTROS | |
| 653 | 0 | _aMAESTROS EDUCADORES | |
| 653 | 0 | _aMEJORAMIENTO EDUCATIVO | |
| 653 | 0 | _aRECURSOS EDUCATIVOS | |
| 904 |
_aAC _b040513 |
||
| 905 | _aArticulo | ||
| 999 |
_c78309 _d78309 |
||